| 000 | 01017nam a2200205 i 4500 | ||
|---|---|---|---|
| 001 | 182564 | ||
| 003 | ES-MaACL | ||
| 005 | 20240514173352.0 | ||
| 008 | 130926s1866 sp a | |||||||| | spa d | ||
| 100 | 1 |
_aPruneda, Pedro. _9131393 |
|
| 245 | 1 | 0 |
_aCrónica de la provincia de Teruel / _cescrita por Pedro Pruneda. |
| 260 |
_aMadrid : _bRonchi y Compañía, _c1866. |
||
| 300 |
_aVIII, 95 p., [5] h. de lám., [1] h. de mapas : _bil. ; _c32 cm. |
||
| 490 | 1 | _aCrónica general de España, ó sea Historia ilustrada y descriptiva de sus provincias, sus poblaciones más importantes de la península y de Ultramar | |
| 651 | 4 |
_aTeruel (Provincia)- _xHistoria. _9191773 |
|
| 651 | 4 |
_aTeruel (Provincia)- _xDescripción. _9142107 |
|
| 830 | 0 |
_aCrónica general de España, o sea Historia ilustrada y descriptiva de sus provincias, sus poblaciones más importantes de la península y posesiones de Ultramar _9224862 |
|
| 852 |
_aES-MaACL _jC-1575(3) _z.- Encuadernado con otras obras |
||
| 999 |
_c182564 _d182564 |
||